书目信息 |
| 题名: |
MATLAB教程
|
|
| 作者: | 罗建军 主编 | |
| 分册: | ||
| 出版信息: | 北京 电子工业出版社 2005.7 |
|
| 页数: | XI,233页 | |
| 开本: | 26cm | |
| 丛书名: | ||
| 单 册: | ||
| 中图分类: | TP312 | |
| 科图分类: | ||
| 主题词: | 算法语言--suan fa yu yan--教材 | |
| 电子资源: | ||
| ISBN: | 7-121-01468-8 | |
| 000 | 00789cam0 2200253 450 | |
| 001 | 012006020800 | |
| 005 | 20060329101010.1 | |
| 010 | @a7-121-01468-8@dCNY25.00 | |
| 100 | @a20050716d2005 em y0chiy0121 ea | |
| 101 | 0 | @achi |
| 102 | @aCN@b110000 | |
| 105 | @ay z 000yy | |
| 200 | 1 | @aMATLAB教程@AMATLAB jiao cheng@f罗建军主编 |
| 210 | @a北京@c电子工业出版社@d2005.7 | |
| 215 | @aXI,233页@d26cm | |
| 320 | @a有书目 | |
| 330 | @a本书系统地讲述了MATLAB的基本技术,内容包括基本计算、数值运算、程序设计、绘图、符号运算、用户图形界面设计、Simulink仿真等。 | |
| 606 | 0 | @a算法语言@Asuan fa yu yan@j教材 |
| 610 | 0 | @aMATLAB |
| 690 | @aTP312@v4 | |
| 701 | 0 | @a罗建军@Aluo jian jun@4主编 |
| 801 | 0 | @aCN@bSRXX@c20060103 |
| 801 | 2 | @aCN@bSRXX@c20060329 |
| 905 | @a10447@dTP312@eL940 | |
| MATLAB教程/罗建军主编.-北京:电子工业出版社,2005.7 |
| XI,233页;26cm |
| ISBN 7-121-01468-8:CNY25.00 |
| 本书系统地讲述了MATLAB的基本技术,内容包括基本计算、数值运算、程序设计、绘图、符号运算、用户图形界面设计、Simulink仿真等。 |
| ● |
| 相关链接 |
|
|
|
正题名:MATLAB教程
索取号:TP312/L940
 
预约/预借
| 序号 | 登录号 | 条形码 | 馆藏地/架位号 | 状态 | 备注 |
| 1 | 549137 | 205491378 | 期刊室512/301自科库 45排7列3层/ [索取号:TP312/L940] | 在馆 | |
| 2 | 549138 | 205491387 | 期刊室512/301自科库 45排7列3层/ [索取号:TP312/L940] | 在馆 | |
| 3 | 549139 | 205491396 | 期刊室512/301自科库 45排7列3层/ [索取号:TP312/L940] | 在馆 |